00699 2200253 4500001002100000005001500021035002000036007000300056008004100059020002200100082000800122084001400130100002800144245007500172260004400247300003800291650002200329700002100351520002900372990001100401990001100412990001100423990001100434INLIS00000000000208520220928095354 a0010-0718000037ta220928 g 0 ind  a978-602-02-4857-8 a608 a608 SOE i0 aSOELAIMAN, Budi Sunarto1 aInovator Pendobrak Perubahan /cSoelaiman Budi Sunarto, Syifaul Arifin aJakarta :bElex Media Komputindo,c2014 axxii, 186 hlm. :bilus. ;c21 cm. 4aINOVASI TEKNOLOGI0 aSYIFAUL, Sunarto abibliografi: hlm.184-186 a16399a a16399b a16399b a16399a